[Event "FRA T I 120102011"]
[Site "FRA"]
[Date "2010.10.17"]
[Round "1.7"]
[White "Lamoureux, Isabelle"]
[Black "Thon, Gabriel"]
[Result "1/2-1/2"]
[WhiteElo "2108"]
[BlackElo "2079"]
[PlyCount "95"]
[EventDate "2010.10.17"]
[EventType "team-match"]
[EventRounds "9"]
[EventCountry "FRA"]
[Source "FFE"]
[SourceDate "2010.10.29"]
[WhiteTeamCountry "FRA"]
[BlackTeamCountry "FRA"]

1. e4 c5 2. Nf3 e6 3. d4 cxd4 4. Nxd4 Nf6 5. Bd3 Nc6 6. c3 Qc7 7. O-O a6 8. Re1
d6 9. f4 e5 10. Nxc6 Qxc6 11. h3 g6 12. Na3 Be6 13. Qe2 Nd7 14. f5 gxf5 15.
exf5 Bd5 16. c4 Bxg2 17. Qxg2 Qc7 18. Be3 Be7 19. Kh1 Nf6 20. Rg1 h5 21. Rac1
Ng4 22. Qf3 e4 23. Qxe4 d5 24. Qf4 Qxf4 25. Bxf4 Nf2+ 26. Kg2 Nxd3 27. Rcf1
Bxa3 28. bxa3 dxc4 29. Bd2 O-O-O 30. Bc3 Rhg8+ 31. Kf3 b5 32. f6 Kd7 33. Rg7
Rxg7 34. fxg7 Ke6 35. Ke4 Nc5+ 36. Kf4 f6 37. Rg1 Kf7 38. Bxf6 Ne6+ 39. Ke5 Rg8
40. Rd1 Nxg7 41. Rd7+ Kg6 42. Rd6 Ne8 43. Rxa6 Nxf6 44. Rxf6+ Kg5 45. Rb6 Rc8
46. Rxb5 c3 47. Rb1 c2 48. Rc1 1/2-1/2

[Event "FRA T I 120102011"]
[Site "FRA"]
[Date "2010.10.17"]
[Round "1.5"]
[White "Benmesbah, Natacha"]
[Black "Diaz, Mickael"]
[Result "0-1"]
[WhiteElo "2172"]
[BlackElo "2212"]
[PlyCount "94"]
[EventDate "2010.10.17"]
[EventType "team-match"]
[EventRounds "9"]
[EventCountry "FRA"]
[Source "FFE"]
[SourceDate "2010.10.29"]
[WhiteTeamCountry "FRA"]
[BlackTeamCountry "FRA"]

1. e4 c5 2. b3 Nc6 3. Bb2 e5 4. Bc4 d6 5. Nc3 g6 6. Nge2 Bg7 7. O-O Nge7 8. f4
O-O 9. Ng3 exf4 10. Rxf4 Be5 11. Qf1 Be6 12. Nd1 Bxc4 13. bxc4 Bxf4 14. Qxf4
Ne5 15. Ne3 f6 16. Rf1 Qd7 17. Qh4 Qe6 18. d3 Rae8 19. Ne2 f5 20. Qh3 Qd7 21.
Bxe5 dxe5 22. exf5 Nxf5 23. Nd5 Rf7 24. Nec3 Ref8 25. Re1 Re8 26. Ne4 Qd8 27.
g4 Nd4 28. Rf1 Ne2+ 29. Kh1 Nf4 30. Nxf4 exf4 31. Qf3 h6 32. Nxc5 Re3 33. Qd5
Qxd5+ 34. cxd5 b6 35. Ne4 Kf8 36. g5 hxg5 37. Nxg5 Rf5 38. Ne6+ Ke7 39. Nd4 Rf6
40. Nc6+ Kd6 41. Nxa7 Kxd5 42. Nb5 Ke5 43. Nc3 Rc6 44. Nd1 Re2 45. d4+ Kxd4 46.
Rxf4+ Ke5 47. Rf1 Rcxc2 0-1

[Event "FRA T I 120102011"]
[Site "FRA"]
[Date "2010.10.17"]
[Round "1.1"]
[White "Janev, Evgeni"]
[Black "Doncea, Vladimir"]
[Result "1-0"]
[WhiteElo "2490"]
[BlackElo "2433"]
[PlyCount "93"]
[EventDate "2010.10.17"]
[EventType "team-match"]
[EventRounds "9"]
[EventCountry "FRA"]
[Source "FFE"]
[SourceDate "2010.10.29"]
[WhiteTeamCountry "FRA"]
[BlackTeamCountry "FRA"]

1. e4 c5 2. Nf3 e6 3. Qe2 Nc6 4. g3 g5 5. h3 Bg7 6. Na3 h6 7. c3 Nge7 8. Bg2 d5
9. d3 O-O 10. O-O e5 11. exd5 Nxd5 12. Nc4 Re8 13. Nfd2 f5 14. Nb3 b6 15. Ne3
Nxe3 16. Bxc6 Nxf1 17. Bxa8 Ba6 18. Bg2 Bxd3 19. Qd1 c4 20. Bxf1 Bxf1 21. Qxf1
cxb3 22. axb3 Qd7 23. Be3 f4 24. Rd1 Qf7 25. Bc1 fxg3 26. fxg3 Qxb3 27. Rd7 Qe6
28. Rxa7 Rf8 29. Qg2 e4 30. Be3 Rf3 31. Bf2 Qb3 32. Rd7 Bf8 33. Be1 Re3 34. Qd2
Rf3 35. Kg2 Qe6 36. Qd5 Qxd5 37. Rxd5 Re3 38. Kf2 Rf3+ 39. Ke2 Bc5 40. b4 Bf8
41. Re5 Kf7 42. Rxe4 Rf5 43. c4 Rf6 44. g4 Rc6 45. Bc3 Rc8 46. Kd3 Rd8+ 47. Ke2
{suite illisible} 1-0

[Event "FRA T I 120102011"]
[Site "FRA"]
[Date "2010.10.17"]
[Round "1.7"]
[White "Lamard, Guillaume"]
[Black "Forestier, Flavien"]
[Result "0-1"]
[WhiteElo "2186"]
[BlackElo "2167"]
[PlyCount "94"]
[EventDate "2010.10.17"]
[EventType "team-match"]
[EventRounds "9"]
[EventCountry "FRA"]
[Source "FFE"]
[SourceDate "2010.10.29"]
[WhiteTeamCountry "FRA"]
[BlackTeamCountry "FRA"]

1. d4 d5 2. Nf3 Nf6 3. c4 e6 4. g3 dxc4 5. Bg2 c5 6. O-O Nc6 7. dxc5 Qxd1 8.
Rxd1 Bxc5 9. Nbd2 e5 10. Nxc4 Ng4 11. e3 Be6 12. Nd6+ Bxd6 13. Rxd6 Ke7 14. Rd2
Rhd8 15. b3 Rxd2 16. Nxd2 f5 17. Ba3+ Ke8 18. Bxc6+ bxc6 19. h3 Rd8 20. Nf3 Bd5
21. Nh4 Nh6 22. Rd1 g6 23. Ng2 Nf7 24. Ne1 Rb8 25. Nd3 Rb5 26. Bb2 Bf3 27. Rd2
Rd5 28. Bc3 Ke7 29. h4 Ke6 30. Ne1 Rxd2 31. Bxd2 Be4 32. f3 Bb1 33. a3 Kd5 34.
Kf2 Ba2 35. b4 Kc4 36. a4 Bb1 37. Ke2 Nd6 38. Kd1 e4 39. f4 Kb3 40. a5 Nc4 41.
Bc1 Kxb4 42. h5 gxh5 43. Ng2 Kb3 44. Nh4 Nd6 45. a6 Bd3 46. Bd2 Bxa6 47. Ba5
Bc8 0-1

[Event "FRA T I 120102011"]
[Site "FRA"]
[Date "2010.10.17"]
[Round "1.3"]
[White "Sarthou, Gaetan"]
[Black "Duquesnoy, Jean Philippe"]
[Result "1-0"]
[WhiteElo "2356"]
[BlackElo "2188"]
[PlyCount "93"]
[EventDate "2010.10.17"]
[EventType "team-match"]
[EventRounds "9"]
[EventCountry "FRA"]
[Source "FFE"]
[SourceDate "2010.10.29"]
[WhiteTeamCountry "FRA"]
[BlackTeamCountry "FRA"]

1. e4 c5 2. Nf3 Nc6 3. Bb5 g6 4. Bxc6 dxc6 5. d3 Bg7 6. O-O Nf6 7. Nc3 Bg4 8.
h3 Bxf3 9. Qxf3 e5 10. Qe2 Qe7 11. Be3 O-O-O 12. a3 Nd7 13. b4 f5 14. b5 cxb5
15. Nd5 Qe6 16. Rfb1 f4 17. Bd2 Rdf8 18. Rxb5 f3 19. Qf1 a6 20. Rb2 fxg2 21.
Qxg2 Rf7 22. Rab1 Nb8 23. Be3 Nc6 24. Nb6+ Kb8 25. Na4 Bf8 26. Bxc5 Nd4 27.
Bxf8 Rhxf8 28. Rxb7+ Rxb7 29. Rxb7+ Ka8 30. Rb2 Rb8 31. Rxb8+ Kxb8 32. c3 Ne2+
33. Kh2 Qf6 34. Qf1 Qf4+ 35. Kg2 Qg5+ 36. Kh1 Qd2 37. Qb1+ Kc8 38. Nb6+ Kd8 39.
Nd5 Qg5 40. Qb8+ Kd7 41. Qc7+ Ke8 42. Qc8+ Kf7 43. Qg4 Qc1+ 44. Kh2 Qf1 45.
Qd7+ Kg8 46. Nf6+ Kf8 47. Qe8+ 1-0

[Event "FRA T I 120102011"]
[Site "FRA"]
[Date "2010.10.17"]
[Round "1.6"]
[White "Lacour, Serge"]
[Black "Gingene, Eric"]
[Result "1-0"]
[WhiteElo "2190"]
[BlackElo "2103"]
[PlyCount "85"]
[EventDate "2010.10.17"]
[EventType "team-match"]
[EventRounds "9"]
[EventCountry "FRA"]
[Source "FFE"]
[SourceDate "2010.10.29"]
[WhiteTeamCountry "FRA"]
[BlackTeamCountry "FRA"]

1. d4 d5 2. c4 Bf5 3. Nc3 e6 4. Nf3 Nf6 5. Bf4 c6 6. Qb3 Qb6 7. c5 Qxb3 8. axb3
Na6 9. Rxa6 bxa6 10. e3 Nh5 11. Bc7 f6 12. h3 e5 13. g4 Be4 14. Nxe4 dxe4 15.
Nd2 Kd7 16. Bd6 Bxd6 17. cxd6 exd4 18. gxh5 Kxd6 19. Nxe4+ Ke5 20. Nd2 dxe3 21.
fxe3 Rad8 22. Rg1 Rd7 23. Nc4+ Kd5 24. Kd2 Ke4+ 25. Kc2 Kf3 26. Rg4 c5 27. Rf4+
Kg3 28. h6 Rf8 29. Rg4+ Kf2 30. Rf4+ Kg3 31. Nd2 f5 32. Ne4+ fxe4 33. Rxf8 gxh6
34. Rf4 Re7 35. h4 Re5 36. Be2 h5 37. Kc3 a5 38. Bc4 Kh3 39. Bg8 h6 40. Bh7 Re7
41. Bg6 Rg7 42. Bxh5 Kg3 43. Rxe4 1-0

[Event "FRA T I 120102011"]
[Site "FRA"]
[Date "2010.10.17"]
[Round "1.2"]
[White "Apicella, Manuel"]
[Black "Touzane, Olivier"]
[Result "1-0"]
[WhiteElo "2531"]
[BlackElo "2282"]
[PlyCount "83"]
[EventDate "2010.10.17"]
[EventType "team-match"]
[EventRounds "9"]
[EventCountry "FRA"]
[Source "FFE"]
[SourceDate "2010.10.29"]
[WhiteTeam "L'Echiquier du Roy René"]
[BlackTeamCountry "FRA"]

1. e4 c5 2. Nf3 d6 3. d4 cxd4 4. Nxd4 Nf6 5. Nc3 a6 6. Be2 e6 7. O-O Be7 8. f4
Qc7 9. Kh1 O-O 10. a4 Nc6 11. Be3 Re8 12. Bf3 Rb8 13. Qd2 Nxd4 14. Bxd4 e5 15.
Ba7 Ra8 16. Be3 exf4 17. Bxf4 Be6 18. Rad1 Rad8 19. h3 Qc4 20. Qd4 h6 21. Qxc4
Bxc4 22. Rf2 Rd7 23. Rfd2 Red8 24. a5 Be6 25. Na4 g5 26. Bg3 g4 27. hxg4 Nxg4
28. Nb6 Rc7 29. e5 Rc5 30. b4 Rb5 31. c4 Rxb4 32. Bxg4 Bxg4 33. Nd5 Bxd1 34.
Rxd1 Rxc4 35. Nxe7+ Kf8 36. exd6 Rc5 37. Nd5 Rxa5 38. Bh4 Ke8 39. Nf6+ Kf8 40.
Nh7+ Ke8 41. d7+ Rxd7 42. Re1+ 1-0

[Event "FRA T I 120102011"]
[Site "FRA"]
[Date "2010.10.17"]
[Round "1.1"]
[White "Efimov, Igor"]
[Black "Lejeune, Jean Pierre"]
[Result "1-0"]
[WhiteElo "2433"]
[BlackElo "2325"]
[PlyCount "83"]
[EventDate "2010.10.17"]
[EventType "team-match"]
[EventRounds "9"]
[EventCountry "FRA"]
[Source "FFE"]
[SourceDate "2010.10.29"]
[BlackTeamCountry "FRA"]

1. e4 c5 2. Nf3 Nc6 3. Bb5 g6 4. Bxc6 dxc6 5. d3 Bg7 6. h3 Nf6 7. Nc3 O-O 8.
Be3 b6 9. Qd2 Re8 10. Bh6 Bh8 11. O-O Nd7 12. Nh2 e5 13. f4 exf4 14. Qxf4 Ne5
15. Bg5 Qd4+ 16. Kh1 Be6 17. Rab1 f5 18. Qg3 Qd7 19. Rbe1 Nf7 20. Bc1 Be5 21.
Bf4 Bg7 22. Nf3 fxe4 23. Nxe4 Bd5 24. b3 Bxe4 25. dxe4 Qe6 26. e5 Rad8 27. Re2
a5 28. Rfe1 a4 29. Nd2 axb3 30. axb3 Nh6 31. Bxh6 Bxh6 32. Ne4 Bg7 33. Nf6+
Bxf6 34. exf6 Qf7 35. Rxe8+ Rxe8 36. Rxe8+ Qxe8 37. Qc7 Qf8 38. Qxc6 Qd8 39.
Qe6+ Kf8 40. Kg1 Qd1+ 41. Kh2 Qd8 42. Kg3 1-0

[Event "FRA T I 120102011"]
[Site "FRA"]
[Date "2010.10.17"]
[Round "1.4"]
[White "Naudier, Serge"]
[Black "Riff, Sebastien"]
[Result "1-0"]
[WhiteElo "2245"]
[BlackElo "2293"]
[PlyCount "81"]
[EventDate "2010.10.17"]
[EventType "team-match"]
[EventRounds "9"]
[EventCountry "FRA"]
[Source "FFE"]
[SourceDate "2010.10.29"]
[BlackTeamCountry "FRA"]

1. d4 Nf6 2. c4 g6 3. Nf3 Bg7 4. Nc3 O-O 5. Bg5 d6 6. e3 Nbd7 7. Be2 c6 8. O-O
e5 9. Rc1 Qe7 10. b4 h6 11. Bh4 g5 12. Bg3 Nh5 13. dxe5 Nxg3 14. hxg3 dxe5 15.
c5 Nf6 16. Qb3 Rd8 17. Rfd1 Bf5 18. Rxd8+ Rxd8 19. Rd1 Ne8 20. e4 Rxd1+ 21.
Qxd1 Be6 22. Nd2 b6 23. cxb6 axb6 24. a3 Nd6 25. Qa4 Qb7 26. Nd1 f5 27. Ne3 f4
28. Bg4 Bxg4 29. Nxg4 Qd7 30. Nh2 b5 31. Qc2 Nb7 32. g4 Qd6 33. Nb3 Bf8 34. Nf3
Kg7 35. Qc3 Kf6 36. Nc1 Qc7 37. Nd3 Bd6 38. Qb3 Qf7 39. Qxf7+ Kxf7 40. Nfxe5+
Ke6 41. Nxc6 1-0

[Event "FRA T I 120102011"]
[Site "FRA"]
[Date "2010.10.17"]
[Round "1.7"]
[White "Youssoupov, Moisse"]
[Black "Lemiere, Frederic"]
[Result "1/2-1/2"]
[WhiteElo "2129"]
[BlackElo "2098"]
[PlyCount "80"]
[EventDate "2010.10.17"]
[EventType "team-match"]
[EventRounds "9"]
[EventCountry "FRA"]
[Source "FFE"]
[SourceDate "2010.10.29"]
[BlackTeamCountry "FRA"]

1. d4 e6 2. Bf4 d5 3. e3 c5 4. c3 Nc6 5. Nd2 Nf6 6. Ngf3 Bd6 7. Bg3 Qe7 8. Ne5
O-O 9. Bd3 Nd7 10. Nxd7 Qxd7 11. f4 Qe7 12. O-O Bd7 13. Nf3 f6 14. Bc2 Be8 15.
Re1 Rd8 16. a3 Bf7 17. b4 cxd4 18. cxd4 Qd7 19. Qb1 g6 20. h3 Kg7 21. Bh4 Be7
22. Qb2 Qd6 23. Rec1 Rc8 24. Be1 Nb8 25. Bd3 Nd7 26. a4 Qb8 27. a5 Rxc1 28.
Rxc1 Rc8 29. Bb5 Be8 30. Rc2 Bd6 31. Qc1 Rxc2 32. Qxc2 Qc7 33. Qxc7 Bxc7 34. g4
Kf8 35. g5 f5 36. Kf2 a6 37. Bd3 Nb8 38. Nd2 Ba4 39. Nf3 Nc6 40. Ne5 Bd6
1/2-1/2

[Event "FRA T I 120102011"]
[Site "FRA"]
[Date "2010.11.13"]
[Round "2.3"]
[White "Touzane, Olivier"]
[Black "Bujisho, Benjamin"]
[Result "1/2-1/2"]
[WhiteElo "2280"]
[BlackElo "2380"]
[PlyCount "78"]
[EventDate "2010.10.17"]
[EventType "team-match"]
[EventRounds "9"]
[EventCountry "FRA"]
[Source "FFE"]
[SourceDate "2010.10.29"]
[BlackTeamCountry "FRA"]

1. d4 d5 2. c4 dxc4 3. Nf3 Nf6 4. e3 e6 5. Bxc4 c5 6. O-O a6 7. Bb3 Nc6 8. Qe2
Qc7 9. Nc3 Bd6 10. h3 O-O 11. Rd1 b6 12. dxc5 Bxc5 13. e4 Nd7 14. Kh1 Bb7 15.
a3 Rae8 16. Ba2 b5 17. Bg5 Be7 18. Be3 Nde5 19. Rac1 Nxf3 20. Qxf3 Qb8 21. Bf4
Qa8 22. Bc7 Rc8 23. Qg3 Bh4 24. Qxh4 Rxc7 25. Qg3 Rcc8 26. Rd6 Na5 27. f3 Qb8
28. Rcd1 Bc6 29. Qg5 h6 30. Qh5 Rfd8 31. Rxd8+ Rxd8 32. Rxd8+ Qxd8 33. Qc5 Qc7
34. Ne2 Nb7 35. Qa7 a5 36. b4 axb4 37. axb4 Qd7 38. Nd4 Nd6 39. Qb6 Bb7 {suite
illisible} 1/2-1/2

[Event "FRA T I 120102011"]
[Site "FRA"]
[Date "2010.10.17"]
[Round "1.3"]
[White "Lamoureux, Charles"]
[Black "Renaze, Luc"]
[Result "0-1"]
[WhiteElo "2364"]
[BlackElo "2286"]
[PlyCount "75"]
[EventDate "2010.10.17"]
[EventType "team-match"]
[EventRounds "9"]
[EventCountry "FRA"]
[Source "FFE"]
[SourceDate "2010.10.29"]
[BlackTeamCountry "FRA"]

1. e4 e5 2. Nf3 Nc6 3. Bc4 Bc5 4. c3 Bb6 5. d4 Qe7 6. O-O d6 7. h3 Nf6 8. Re1
h6 9. Be3 g5 10. Nh2 Rg8 11. d5 Bxe3 12. Rxe3 Nb8 13. Be2 Nbd7 14. Nd2 Nf8 15.
b4 Ng6 16. c4 Kf8 17. Rc1 a5 18. a3 axb4 19. axb4 b6 20. c5 bxc5 21. bxc5 Kg7
22. Nhf1 Kh7 23. Ng3 Nf4 24. Bg4 Nxg4 25. hxg4 Ra2 26. Rec3 Bxg4 27. Qxg4 Rxd2
28. cxd6 cxd6 29. Rc7 Qf6 30. Rb1 Rxf2 31. Kxf2 Nxd5+ 32. Kg1 Nxc7 33. Rb7 Ne6
34. Nf5 Nd4 35. Qh5 Rf8 36. Ne3 Qg6 37. Qxg6+ Kxg6 38. Rd7 0-1

[Event "FRA T I 120102011"]
[Site "FRA"]
[Date "2010.10.17"]
[Round "1.3"]
[White "Villegas, Pierre"]
[Black "Bujisho, Benjamin"]
[Result "0-1"]
[WhiteElo "2272"]
[BlackElo "2376"]
[PlyCount "76"]
[EventDate "2010.10.17"]
[EventType "team-match"]
[EventRounds "9"]
[EventCountry "FRA"]
[Source "FFE"]
[SourceDate "2010.10.29"]
[BlackTeamCountry "FRA"]

1. d4 Nf6 2. c4 g6 3. Nc3 Bg7 4. e4 d6 5. Bd3 O-O 6. Nge2 c6 7. O-O a6 8. f4 b5
9. Kh1 bxc4 10. Bxc4 Nxe4 11. Nxe4 d5 12. Bd3 dxe4 13. Bxe4 Bf5 14. Bxf5 gxf5
15. Rf3 e6 16. b3 Kh8 17. Bb2 Ra7 18. Rc1 Rd7 19. Rc2 Rg8 20. Qa1 h6 21. Rc1
Kh7 22. Qb1 Rd5 23. g4 c5 24. gxf5 exf5 25. Ng3 Bxd4 26. Nxf5 Bxb2 27. Ne7+ f5
28. Re1 Re8 29. Rfe3 Bc3 30. Re5 Rxe5 31. Rxe5 Rxe7 32. Qxf5+ Kg7 33. Qg4+ Kh8
34. Rxe7 Qxe7 35. Qc8+ Kh7 36. Qxb8 Qe4+ 37. Kg1 Bd4+ 38. Kf1 Qf3+ 0-1

[Event "FRA T I 120102011"]
[Site "FRA"]
[Date "2010.10.17"]
[Round "1.6"]
[White "Flear, Christine"]
[Black "Domenech, Vianney"]
[Result "1/2-1/2"]
[WhiteElo "249"]
[BlackElo "2129"]
[PlyCount "63"]
[EventDate "2010.10.17"]
[EventType "team-match"]
[EventRounds "9"]
[EventCountry "FRA"]
[Source "FFE"]
[SourceDate "2010.10.29"]
[BlackTeamCountry "FRA"]

1. d4 d5 2. c4 c6 3. Nc3 Nf6 4. e3 a6 5. Qc2 b5 6. b3 Nbd7 7. Nf3 e6 8. Be2 Bd6
9. Bb2 O-O 10. O-O Re8 11. Rac1 Bb7 12. Rfd1 Qe7 13. Bf1 dxc4 14. bxc4 b4 15.
Ne4 Nxe4 16. Qxe4 Nf6 17. Qh4 c5 18. Bd3 Ne4 19. Qh3 f5 20. d5 exd5 21. Qxf5
Rf8 22. Qh5 g6 23. Qh6 d4 24. Bxe4 Bxe4 25. Nxd4 cxd4 26. Rxd4 Qf6 27. f3 Bc6
28. c5 Be5 29. Rd6 Bxh2+ 30. Kxh2 Qxb2 31. Rxc6 Qxc1 32. Rxg6+ 1/2-1/2

[Event "FRA T I 120102011"]
[Site "FRA"]
[Date "2010.10.17"]
[Round "1.8"]
[White "Giry, Jean Marc"]
[Black "Barbe Asensio, Cyrielle"]
[Result "1-0"]
[WhiteElo "1987"]
[BlackElo "1390"]
[PlyCount "63"]
[EventDate "2010.10.17"]
[EventType "team-match"]
[EventRounds "9"]
[EventCountry "FRA"]
[Source "FFE"]
[SourceDate "2010.10.29"]
[BlackTeamCountry "FRA"]

1. c4 b6 2. Nc3 Bb7 3. e4 e6 4. a3 Be7 5. Nf3 d6 6. d4 Nd7 7. Bd3 c5 8. O-O
cxd4 9. Nxd4 e5 10. Nf5 Bf8 11. Bc2 Ngf6 12. Nxd6+ Bxd6 13. Qxd6 Qb8 14. Rd1
Qxd6 15. Rxd6 Ke7 16. Rd2 Rad8 17. f3 Nc5 18. Nd5+ Nxd5 19. exd5 g6 20. b4 Na6
21. Bb2 f6 22. Re1 Nc7 23. f4 Rhe8 24. fxe5 fxe5 25. Bxe5 Kd7 26. Ba4+ b5 27.
cxb5 Kc8 28. d6 Ne6 29. Rc2+ Kd7 30. b6+ Bc6 31. Bxc6+ Kc8 32. bxa7 1-0

[Event "FRA T I 120102011"]
[Site "FRA"]
[Date "2010.10.17"]
[Round "1.2"]
[White "Abello, Sebastien"]
[Black "Ninov, Nikolai"]
[Result "0-1"]
[WhiteElo "2310"]
[BlackElo "2519"]
[PlyCount "62"]
[EventDate "2010.10.17"]
[EventType "team-match"]
[EventRounds "9"]
[EventCountry "FRA"]
[Source "FFE"]
[SourceDate "2010.10.29"]
[BlackTeamCountry "FRA"]

1. d4 d5 2. c4 e6 3. Nf3 Nf6 4. g3 dxc4 5. Bg2 a6 6. O-O b5 7. Ne5 Nd5 8. Nc3
Bb7 9. e4 Nf6 10. Re1 Nbd7 11. Nxd7 Qxd7 12. d5 e5 13. Bg5 Be7 14. Qe2 O-O 15.
Rad1 Rfe8 16. h3 Rad8 17. f4 h6 18. Bh4 exf4 19. gxf4 b4 20. Nb1 Nxd5 21. Bg3
Qb5 22. Kh2 Nb6 23. f5 Rxd1 24. Rxd1 Bf6 25. Qg4 Be5 26. Rf1 Nd7 27. Kh1 Nf6
28. Qh4 Bxg3 29. Qxg3 Nxe4 30. Qxc7 c3 31. bxc3 Ng3+ 0-1

[Event "FRA T I 120102011"]
[Site "FRA"]
[Date "2010.10.17"]
[Round "1.1"]
[White "Lepelletier, Benoit"]
[Black "Fargere, Francois"]
[Result "1/2-1/2"]
[WhiteElo "2421"]
[BlackElo "2507"]
[PlyCount "57"]
[EventDate "2010.10.17"]
[EventType "team-match"]
[EventRounds "9"]
[EventCountry "FRA"]
[Source "FFE"]
[SourceDate "2010.10.29"]
[BlackTeamCountry "FRA"]

1. e4 c5 2. Nf3 d6 3. d4 cxd4 4. Nxd4 Nf6 5. Nc3 a6 6. h3 e6 7. g4 Be7 8. Bg2
Nfd7 9. Be3 Nc6 10. Qe2 Nxd4 11. Bxd4 O-O 12. a4 Qc7 13. O-O Ne5 14. Nd1 Bd7
15. b3 b5 16. axb5 axb5 17. Ne3 Bc6 18. Rxa8 Rxa8 19. Ra1 Rxa1+ 20. Bxa1 Qb7
21. Nf1 Bf6 22. Bc3 Be7 23. Ng3 Bh4 24. Kh2 Bxg3+ 25. Kxg3 Ng6 26. Bd2 Qc7 27.
f4 Bd7 28. Qd3 h6 29. Bf3 1/2-1/2

[Event "FRA T I 120102011"]
[Site "FRA"]
[Date "2010.10.17"]
[Round "1.8"]
[White "Forestier, Carole"]
[Black "Verot, Melanie"]
[Result "1/2-1/2"]
[WhiteElo "2088"]
[BlackElo "2125"]
[PlyCount "56"]
[EventDate "2010.10.17"]
[EventType "team-match"]
[EventRounds "9"]
[EventCountry "FRA"]
[Source "FFE"]
[SourceDate "2010.10.29"]
[BlackTeamCountry "FRA"]

1. d4 d5 2. Bf4 Nf6 3. Nf3 e6 4. e3 Bd6 5. Bxd6 Qxd6 6. c3 O-O 7. Bd3 Nbd7 8.
Nbd2 e5 9. dxe5 Nxe5 10. Nxe5 Qxe5 11. O-O Ne4 12. Nf3 Qe7 13. h3 Bf5 14. Qc2
Bg6 15. Rfd1 c5 16. c4 Rad8 17. cxd5 Rxd5 18. Qb3 Rfd8 19. Bc4 Rxd1+ 20. Rxd1
Rxd1+ 21. Qxd1 h6 22. Qd5 Qd6 23. Qxd6 Nxd6 24. Bd5 Be4 25. Bxe4 Nxe4 26. Kf1
Kf8 27. Ke2 Ke7 28. Nd2 Nxd2 1/2-1/2

[Event "FRA T I 120102011"]
[Site "FRA"]
[Date "2010.10.17"]
[Round "1.7"]
[White "Langevin, Philippe"]
[Black "Abello, Isabelle"]
[Result "1-0"]
[WhiteElo "2120"]
[BlackElo "1974"]
[PlyCount "55"]
[EventDate "2010.10.17"]
[EventType "team-match"]
[EventRounds "9"]
[EventCountry "FRA"]
[Source "FFE"]
[SourceDate "2010.10.29"]
[BlackTeamCountry "FRA"]

1. e4 e6 2. d4 d5 3. e5 c5 4. c3 Ne7 5. Nf3 Nf5 6. Bd3 Nc6 7. O-O cxd4 8. a3
dxc3 9. Nxc3 Nh4 10. Nxh4 Qxh4 11. g3 Qd8 12. Re1 a6 13. b4 g6 14. b5 Nxe5 15.
Rxe5 Bg7 16. Bf4 Bxe5 17. Bxe5 f6 18. Bf4 e5 19. Qe2 O-O 20. Bh6 Rf7 21. bxa6
bxa6 22. Nxd5 Rd7 23. Nb4 a5 24. Nc6 Qc7 25. Rc1 Qd6 26. Bb5 Rc7 27. Rd1 Qxa3
28. Qc4+ 1-0

[Event "FRA T I 120102011"]
[Site "FRA"]
[Date "2010.10.17"]
[Round "1.6"]
[White "Perez, Flavio"]
[Black "Ribbegren, Karl Johan"]
[Result "1-0"]
[WhiteElo "2255"]
[BlackElo "2153"]
[PlyCount "55"]
[EventDate "2010.10.17"]
[EventType "team-match"]
[EventRounds "9"]
[EventCountry "FRA"]
[Source "FFE"]
[SourceDate "2010.10.29"]
[BlackTeamCountry "FRA"]

1. e4 g6 2. Nc3 Bg7 3. Nge2 d6 4. d3 c5 5. g3 Nc6 6. Bg2 Nf6 7. h3 Rb8 8. f4
Nd4 9. O-O O-O 10. g4 Nxe2+ 11. Nxe2 b5 12. Ng3 a5 13. g5 Nd7 14. h4 b4 15. h5
Ba6 16. Bh3 e6 17. hxg6 hxg6 18. f5 Bd4+ 19. Kh2 exf5 20. exf5 Ne5 21. Bf4 Kh7
22. Bxe5 Bxe5 23. Qg4 Rh8 24. fxg6+ fxg6 25. Rf7+ Kg8 26. Qe6 Bxg3+ 27. Kg2
Qxg5 28. Rb7+ 1-0

[Event "FRA T I 120102011"]
[Site "FRA"]
[Date "2010.10.17"]
[Round "1.3"]
[White "Sulava, Nenad"]
[Black "Gaudineau, Eric"]
[Result "1-0"]
[WhiteElo "2552"]
[BlackElo "2333"]
[PlyCount "56"]
[EventDate "2010.10.17"]
[EventType "team-match"]
[EventRounds "9"]
[EventCountry "FRA"]
[Source "FFE"]
[SourceDate "2010.10.29"]
[BlackTeamCountry "FRA"]

1. Nf3 Nf6 2. c4 e6 3. b3 b6 4. g3 Bb7 5. Bg2 c5 6. O-O Be7 7. Bb2 O-O 8. Nc3
d5 9. e3 dxc4 10. bxc4 Nc6 11. Qe2 Rc8 12. Ne1 Qd7 13. f4 Rfd8 14. Rd1 Nb4 15.
Bxb7 Qxb7 16. f5 Qd7 17. fxe6 Qxe6 18. a3 Nc6 19. Ng2 Ne5 20. d3 Qg4 21. Qxg4
Nexg4 22. h3 Ne5 23. Nf4 Bd6 24. Nb5 Ng6 25. Nxa7 Bxf4 26. gxf4 Rc7 27. Nb5
Rcd7 28. Bxf6 gxf6 {suite illisible} 1-0

[Event "FRA T I 120102011"]
[Site "FRA"]
[Date "2010.10.17"]
[Round "1.8"]
[White "Batteau, Valerie"]
[Black "Chebance, Benoit"]
[Result "0-1"]
[WhiteElo "1891"]
[BlackElo "2013"]
[PlyCount "54"]
[EventDate "2010.10.17"]
[EventType "team-match"]
[EventRounds "9"]
[EventCountry "FRA"]
[Source "FFE"]
[SourceDate "2010.10.29"]
[BlackTeamCountry "FRA"]

1. e4 d5 2. exd5 Qxd5 3. d4 Nf6 4. c4 Qe4+ 5. Be3 Nc6 6. Nc3 Qg6 7. Nf3 Bg4 8.
Be2 O-O-O 9. O-O e5 10. d5 Bxf3 11. Bxf3 e4 12. Be2 a6 13. Bd4 Nxd4 14. Qxd4 c5
15. Qe3 Bd6 16. Na4 Nd7 17. b4 f5 18. Rfc1 f4 19. Qh3 f3 20. Bf1 Kb8 21. bxc5
Nxc5 22. Nxc5 Bxc5 23. Rab1 Rhf8 24. Qg3+ Qxg3 25. hxg3 fxg2 26. Bxg2 Rxf2 27.
Bh1 Rd6 0-1

[Event "FRA T I 120102011"]
[Site "FRA"]
[Date "2010.10.17"]
[Round "1.8"]
[White "Lamotte, Gaelle"]
[Black "Paci, Nicolas"]
[Result "0-1"]
[WhiteElo "1927"]
[BlackElo "1879"]
[PlyCount "54"]
[EventDate "2010.10.17"]
[EventType "team-match"]
[EventRounds "9"]
[EventCountry "FRA"]
[Source "FFE"]
[SourceDate "2010.10.29"]
[BlackTeamCountry "FRA"]

1. e4 c5 2. Nc3 Nc6 3. g3 g6 4. Bg2 Bg7 5. d3 d6 6. Be3 Nf6 7. f3 O-O 8. Qd2
Nd4 9. Nce2 Qb6 10. c3 Nc6 11. Rb1 Qa6 12. Nc1 Ne5 13. Nge2 Bh3 14. Kf2 Bxg2
15. Kxg2 Rac8 16. h3 b6 17. f4 Ned7 18. g4 c4 19. g5 Nh5 20. d4 Qb7 21. d5 f5
22. Nd4 Nc5 23. exf5 Qxd5+ 24. Kh2 Ne4 25. Qg2 Bxd4 26. cxd4 Qxf5 27. Rf1 Nxf4
0-1

[Event "FRA T I 120102011"]
[Site "FRA"]
[Date "2010.10.17"]
[Round "1.6"]
[White "Poignot, Quentin"]
[Black "Netzer, Jacques"]
[Result "1/2-1/2"]
[WhiteElo "2114"]
[BlackElo "2244"]
[PlyCount "53"]
[EventDate "2010.10.17"]
[EventType "team-match"]
[EventRounds "9"]
[EventCountry "FRA"]
[Source "FFE"]
[SourceDate "2010.10.29"]
[BlackTeamCountry "FRA"]

1. e4 c5 2. Nf3 e6 3. d4 cxd4 4. Nxd4 Nc6 5. Nc3 Qc7 6. Be2 Nf6 7. O-O a6 8.
Be3 Bb4 9. Na4 Be7 10. Nxc6 bxc6 11. Nb6 Rb8 12. Nxc8 Qxc8 13. Bd4 Qc7 14. e5
Nd5 15. c4 Nf4 16. Bf3 O-O 17. Re1 c5 18. Bc3 f6 19. Qd2 Ng6 20. Rad1 Nxe5 21.
Bxe5 fxe5 22. Qxd7 Qxd7 23. Rxd7 Bf6 24. b3 Rbd8 25. Red1 Rxd7 26. Rxd7 Rd8 27.
Rxd8+ 1/2-1/2